000 00177 a2200097 4500
020 _a9780439711234
041 _aeng
100 _aDane Bauer,Marion
245 _aWind
942 _cBK
999 _c8807
_d8807